000 00341nam a2200133Ia 4500
005 20260328101525.0
008 260328s9999||||xx |||||||||||||| ||und||
100 _aAdjaye, David
245 0 _aAfrican Metropolitan Architecture - Vol.4 :
_b The Sahel /
_cDavid Adjaye
260 _bRizzoli
300 _a39 p.
650 _aAFRICA
942 _cBK
999 _c9770
_d9770